| 000 | 01021 a2200193 4500 | ||
|---|---|---|---|
| 003 | Nust | ||
| 005 | 20170207154019.0 | ||
| 010 | _a 2002016508 | ||
| 020 | _a0262011948 (alk. paper) | ||
| 040 | _cNust | ||
| 082 | 0 | 0 | _a006.37 |
| 100 | 1 | _aAmit, Yali. | |
| 245 | 1 | 0 |
_a2D object detection and recognition - (E-BOOK) _cYali Amit. |
| 260 |
_aCambridge, Mass. : _bMIT Press, _cc2002. |
||
| 300 |
_axiv, 306 p. : _bill. ; _c24 cm. |
||
| 505 | _aIntroduction (page-1), Detection and Recognition: Overview of Models (page-13),1D Models: Deformable Contours (page-31), 1D Models: Deformable Curves(page-57), 2D Models: Deformable Images Sparse Models: Formulation, Training, and Statistical Properties (page-109), Detection of Sparse Models: Dynamic Programming (page-139), Detection of Sparse Models: Counting (page-151), Object Recognition (page-181), Scene Analysis: Merging Detection and Recognition (page-215), Neural Network Implementations (page-233), Software (page-259). | ||
| 650 | 0 | _aComputer vision. | |
| 651 | _aE-BOOK | ||
| 942 |
_2ddc _cBK |
||
| 999 |
_c191594 _d191594 |
||